Hot-air ageing characteristics of peroxide-cured EPDM rubber with 5-vinyl-2-norbornene as third monomer (Record no. 60490)

MARC details
000 -LEADER
fixed length control field 00499nam a2200181Ia 4500
100 ## - MAIN ENTRY--AUTHOR NAME
Personal name Twigg C
245 #0 - TITLE STATEMENT
Title Hot-air ageing characteristics of peroxide-cured EPDM rubber with 5-vinyl-2-norbornene as third monomer
260 ## - PUBLICATION, DISTRIBUTION, ETC. (IMPRINT)
Name of publisher Kautschuk Gummi Kunststoffe
Year of publication 2010
300 ## - PHYSICAL DESCRIPTION
Number of Pages 436-445
650 ## - SUBJECT ADDED ENTRY--TOPICAL TERM
Topical Term Cross-linking
650 ## - SUBJECT ADDED ENTRY--TOPICAL TERM
Topical Term EPDM
650 ## - SUBJECT ADDED ENTRY--TOPICAL TERM
Topical Term Heat ageing
650 ## - SUBJECT ADDED ENTRY--TOPICAL TERM
Topical Term Peroxide
700 ## - ADDED ENTRY--PERSONAL NAME
Personal name Dees M
700 ## - ADDED ENTRY--PERSONAL NAME
Personal name van Duin M
942 ## - ADDED ENTRY ELEMENTS (KOHA)
Koha item type Journals
Holdings
Withdrawn status Lost status Damaged status Not for loan Home library Current library Shelving location Date acquired Serial Enumeration / chronology Koha item type
      Journals RRII Library RRII Library Rubber technology 08/02/2011 Volume 63, Issue 10 Journals